| 000 | 00411pab a2200157 454500 | ||
|---|---|---|---|
| 008 | 180718b1998 xxu||||| |||| 00| 0 eng d | ||
| 100 | _aNair, Sanjiv | ||
| 245 | _aRestructuring of state government finances - Some suggestions | ||
| 260 | _c1998 | ||
| 300 | _ap.39-49. | ||
| 362 | _aJan-Mar | ||
| 650 | _aPublic finance | ||
| 773 | _aIndian Journal of Public Administration | ||
| 908 | _aN | ||
| 909 | _a38562 | ||
| 999 |
_c38562 _d38562 |
||